[Event "Tournoi Skype 017A"]
[Site "Skype"]
[Date "????.??.??"]
[Round "7.8"]
[White "Casey, Eamonn"]
[Black "Segura Lozano, Marcos Antonio"]
[Result "1-0"]
[WhiteElo "1699"]
[BlackElo "1784"]
[PlyCount "81"]

1. d4 Nf6 2. c4 e6 3. Nc3 Bb4 4. Nf3 Ne4 5. Qb3 Bxc3+ 6. bxc3 O-O 7. Bf4 b6 8.
e3 d6 9. Bd3 Bb7 10. Qc2 f5 11. O-O Nd7 12. h3 h6 13. Nd2 e5 14. Bh2 Nxd2 15.
Qxd2 e4 16. Be2 Rf6 17. Bg3 Qe7 18. f3 Raf8 19. fxe4 Bxe4 20. Bf3 Rg6 21. Bf4
Qh4 22. Qe2 Qxh3 23. Bxe4 fxe4 24. Rf2 Nf6 25. Raf1 Qe6 26. d5 Qe7 27. Bh2 Nd7
28. Qh5 Rgf6 29. Rf5 Rxf5 30. Rxf5 Rxf5 31. Qxf5 Nc5 32. Qc8+ Kh7 33. Qf5+ g6
34. Qh3 Qf7 35. Bf4 Qg7 36. Bg5 Qf8 37. Qh4 a5 38. Be7 Qf7 39. Bf6 Qg8 40. Bd4
Qe8 41. Qf6 1-0

[Event "Tournoi Skype 017A"]
[Site "Skype"]
[Date "????.??.??"]
[Round "7.10"]
[White "Janssen, Gerard"]
[Black "Meaney, Mike"]
[Result "1-0"]
[WhiteElo "1721"]
[BlackElo "1485"]
[PlyCount "51"]

1. d4 Nf6 2. c4 e6 3. Nc3 c6 4. Nf3 Bb4 5. e3 Ne4 6. Qc2 d5 7. Bd3 Nxc3 8. bxc3
Ba5 9. O-O dxc4 10. Bxc4 Nd7 11. Ba3 Nf6 12. Ne5 Bc7 13. f4 Bd6 14. Bb4 a5 15.
Bxd6 Qxd6 16. a4 O-O 17. Bd3 Re8 18. Rf3 Qf8 19. Rh3 g6 20. g4 Qg7 21. Rg3 Re7
22. h4 Bd7 23. Kg2 h5 24. gxh5 Nxh5 25. Rg5 f5 26. Rxg6 1-0

[Event "Tournoi Skype 017A"]
[Site "Skype"]
[Date "????.??.??"]
[Round "7.11"]
[White "Le Brun, Yves"]
[Black "Duthoit, Bernard"]
[Result "1/2-1/2"]
[WhiteElo "1540"]
[BlackElo "1585"]
[PlyCount "91"]

1. Nf3 Nf6 2. c4 c5 3. Nc3 Nc6 4. e3 g6 5. Be2 Bg7 6. O-O O-O 7. a3 b6 8. Qc2
Bb7 9. b3 d6 10. Bb2 e5 11. d3 Re8 12. Rfd1 Qc7 13. Rab1 a6 14. h3 Rad8 15. e4
Nh5 16. g3 Nf6 17. Bc1 Nd4 18. Nxd4 cxd4 19. Na2 b5 20. Bf3 d5 21. Re1 dxe4 22.
dxe4 bxc4 23. Bg5 Rc8 24. Bxf6 Bxf6 25. Bg4 cxb3 26. Qxb3 Rb8 27. Qd3 Bc8 28.
Rxb8 Qxb8 29. Bxc8 Qxc8 30. Rc1 Qb7 31. Nb4 Rc8 32. Rxc8+ Qxc8 33. Nd5 Bd8 34.
Kg2 a5 35. a4 Kg7 36. Qb5 Qc2 37. Kf3 Qd1+ 38. Kg2 d3 39. Ne3 Qd2 40. Qxe5+ Bf6
41. Qf4 Qa2 42. Ng4 Bd4 43. e5 Qxa4 44. Qf6+ Kf8 45. Qd8+ Kg7 46. Qf6+ 1/2-1/2

[Event "Tournoi Skype 017A"]
[Site "Skype"]
[Date "????.??.??"]
[Round "7.14"]
[White "Karia, Vijay"]
[Black "Saponara, Jose Maria"]
[Result "1/2-1/2"]
[WhiteElo "1681"]
[BlackElo "1563"]
[PlyCount "91"]

1. e4 d5 2. exd5 Qxd5 3. Nc3 Qd6 4. Nf3 Nf6 5. h3 a6 6. d4 e6 7. Bc4 b5 8. Bb3
c5 9. dxc5 Qxd1+ 10. Nxd1 Bxc5 11. O-O Bb7 12. Nd2 Nc6 13. Re1 O-O 14. Nc3 Nd4
15. Ne2 Nxb3 16. Nxb3 Bb6 17. Ned4 h6 18. c3 Rad8 19. Be3 Rfe8 20. Re2 Nd5 21.
Rae1 Nxe3 22. Rxe3 Rd7 23. Re5 Red8 24. Nc5 Bxc5 25. Rxc5 Bd5 26. a3 Bc4 27.
Nc6 Rd1 28. Rxd1 Rxd1+ 29. Kh2 Rd2 30. Ne5 Bd5 31. Kg3 f6 32. Nc6 Rxb2 33. Ne7+
Kf8 34. Nxd5 exd5 35. Rxd5 Rb3 36. Rc5 Rxa3 37. Kf4 Ra2 38. Ke3 Kf7 39. g4 Kg6
40. h4 Rb2 41. h5+ Kh7 42. Rc8 a5 43. f3 a4 44. Kd3 a3 45. Ra8 a2 46. Ke3
1/2-1/2

[Event "Tournoi Skype 017A"]
[Site "Skype"]
[Date "????.??.??"]
[Round "7.16"]
[White "Aranzubia, Desiderio"]
[Black "Trivedi, Viral"]
[Result "1-0"]
[WhiteElo "1550"]
[BlackElo "1617"]
[PlyCount "49"]

1. d4 Nf6 2. c4 g6 3. Nc3 d5 4. Bf4 Bg7 5. Qd2 O-O 6. Bh6 Nc6 7. Bxg7 Kxg7 8.
cxd5 Nxd5 9. g3 Ndb4 10. a3 Na6 11. e3 Na5 12. Qc2 c5 13. dxc5 Bf5 14. e4 Be6
15. b4 Nb3 16. Rd1 Qc7 17. Nd5 Bxd5 18. Rxd5 Rad8 19. Qxb3 e6 20. Rxd8 Rxd8 21.
Bxa6 bxa6 22. Ne2 Qe5 23. Qc3 Qxc3+ 24. Nxc3 Rd3 25. Nb1 1-0

[Event "Tournoi Skype 017A"]
[Site "Skype"]
[Date "????.??.??"]
[Round "7.17"]
[White "Gharbi, Said"]
[Black "Perez Fermin, Jose"]
[Result "1/2-1/2"]
[WhiteElo "1660"]
[BlackElo "1599"]
[PlyCount "105"]

1. e4 c5 2. c3 d6 3. d4 Nf6 4. Nd2 cxd4 5. cxd4 Qa5 6. Bc4 Nxe4 7. Qc2 Nf6 8.
Bxf7+ Kxf7 9. Qxc8 Qd5 10. Ngf3 h6 11. O-O Qc6 12. Qf5 Qd7 13. Qf4 Qg4 14. Qe3
Nbd7 15. Qb3+ Qe6 16. Qxb7 Rb8 17. Qxa7 Qd5 18. Nb3 Ra8 19. Qc7 g6 20. Be3 Bg7
21. Qc2 Rhc8 22. Qd3 Nf8 23. Rfc1 Ne4 24. Rxc8 Rxc8 25. Rc1 Ra8 26. a3 Rb8 27.
Nbd2 Nxd2 28. Qxd2 g5 29. h3 Ne6 30. b4 Ra8 31. Qd3 Bf6 32. Ra1 Kg7 33. a4 Nc7
34. Qc2 Qb7 35. Qc4 Nd5 36. b5 Nb6 37. Qb3 Ra5 38. Bd2 Ra8 39. a5 Kh8 40. Bc3
Nc8 41. a6 Qb8 42. d5 Nb6 43. Bxf6+ exf6 44. Nd4 Qg8 45. Nf5 Qxd5 46. Qxd5 Nxd5
47. Nxd6 Ra7 48. Rd1 Nc3 49. Re1 Rd7 50. Ne8 Nxb5 51. Nxf6 Ra7 52. Re8+ Kg7 53.
Re6 1/2-1/2

[Event "Tournoi Skype 017A"]
[Site "Skype"]
[Date "????.??.??"]
[Round "7.18"]
[White "Yeter, Orhan"]
[Black "Rochette, Mathieu"]
[Result "0-1"]
[WhiteElo "1585"]
[BlackElo "1604"]
[PlyCount "70"]

1. e4 c5 2. d4 cxd4 3. c3 dxc3 4. Nxc3 Nc6 5. Bc4 Nf6 6. Nf3 d6 7. O-O g6 8.
Qe2 Bg7 9. Rd1 Qc7 10. Bf4 Nd7 11. Rac1 a6 12. Nd5 Qb8 13. Nxe7 Nxe7 14. Bxd6
Qa7 15. Ng5 Ne5 16. Bxe5 Bxe5 17. Bxf7+ Kf8 18. Rd8+ Kg7 19. Rxh8 Kxh8 20. Qf3
Nc6 21. Be8 Bg7 22. Qf7 Ne5 23. Qe7 Qd4 24. Nf7+ Nxf7 25. Bxf7 Bd7 26. Bd5 Rf8
27. Kh1 Qxf2 28. h3 Bxh3 29. gxh3 Qf3+ 30. Kh2 Qf4+ 31. Kg2 Qxc1 32. Bf7 Qxb2+
33. Kf3 Qc3+ 34. Kg4 h5+ 35. Kf4 Bh6+ 0-1

[Event "Tournoi Skype 017A"]
[Site "Skype"]
[Date "????.??.??"]
[Round "7.19"]
[White "L'Herbon De Lussats, Jean"]
[Black "Fouquereau, Andre"]
[Result "1-0"]
[WhiteElo "1454"]
[BlackElo "1452"]
[PlyCount "71"]

1. d4 d5 2. c4 Nf6 3. cxd5 Nxd5 4. e4 Nf6 5. Nc3 c6 6. Nf3 Bg4 7. Be2 Bxf3 8.
Bxf3 e6 9. a3 g6 10. O-O Bg7 11. Be3 O-O 12. Qb3 Qc8 13. d5 exd5 14. exd5 cxd5
15. Nxd5 Nxd5 16. Bxd5 Nc6 17. Rac1 Qd7 18. Rfd1 Qc7 19. Qa2 Qe5 20. b4 Qb2 21.
Rc2 Qxa2 22. Bxa2 Rfd8 23. Rcd2 Rxd2 24. Rxd2 a6 25. g3 Ne5 26. Kg2 b5 27. Rc2
Rd8 28. Rc7 Rd1 29. Rc8+ Bf8 30. Bc5 Nd7 31. Rc7 Bxc5 32. bxc5 Rd2 33. c6 Rxa2
34. cxd7 Rd2 35. Rc8+ Kg7 36. d8=Q 1-0

[Event "Tournoi Skype 017A"]
[Site "Skype"]
[Date "????.??.??"]
[Round "7.20"]
[White "Malbec, Robert"]
[Black "De Nobrega, George"]
[Result "1-0"]
[WhiteElo "1500"]
[BlackElo "1563"]
[PlyCount "89"]

1. e4 e5 2. Nf3 d6 3. d4 exd4 4. Nxd4 Nf6 5. Bd3 d5 6. e5 Ng4 7. Nf3 Nc6 8. Bf4
Bb4+ 9. c3 Bc5 10. O-O O-O 11. Qc2 g6 12. h3 Ngxe5 13. Nxe5 Nxe5 14. Bxe5 Qg5
15. Bg3 Re8 16. Nd2 Bd7 17. Nf3 Qf6 18. Qd2 Bd6 19. Bh4 Qg7 20. Bg5 Be7 21. Bh6
Qf6 22. Rae1 Qc6 23. Ne5 Qd6 24. Bf4 Bf6 25. Nxf7 Qc5 26. Nh6+ Kg7 27. b4 Qc6
28. Rc1 b5 29. Ng4 Bxg4 30. hxg4 a6 31. Bh6+ Kg8 32. g5 Be5 33. f4 Bg7 34. Bxg7
Kxg7 35. Qf2 Rf8 36. Rfe1 Rae8 37. Qd4+ Kg8 38. Re2 Rxe2 39. Bxe2 Qd6 40. g3
Qe6 41. Bf1 Qg4 42. Qxd5+ Kg7 43. Kg2 Rxf4 44. Re1 Rf5 45. Re7+ 1-0